000 00261nam a2200109Ia 4500
008 190914s9999||||xx |||||||||||||| ||und||
100 _aHanselman, Littlefield
245 0 _aMastering MATLAB 7
260 _aNew Delhi
_bDorling
_c2006
300 _a390
942 _cBK
999 _c9914
_d9914